Famous Scottish People - Statistics

General Stats
  • This quiz has been taken 18,366 times
    14,617 since last reset
  • The average score is 13 of 20
Answer Stats
Clue Scot % Correct
16th century Queen of Scots Mary
88%
Telephone inventor Alexander Graham Bell
86%
Bond, James Bond Sean Connery
84%
UK Prime Minister, 1997-2007 Tony Blair
83%
Scottish hero portrayed in "Braveheart" William Wallace
83%
"Hell's Kitchen" chef Gordon Ramsay
81%
British King who commissioned a Bible James VI
77%
11th century King, subject of a Shakespeare play MacBeth
70%
2013 Wimbledon winner Andy Murray
69%
Created Sherlock Holmes Arthur Conan Doyle
69%
Portrayed the younger Obi-Wan Kenobi Ewan McGregor
67%
Discovered penicillin Alexander Fleming
61%
"Treasure Island" author Robert Louis Stevenson
60%
"Auld Lang Syne" poet Robert Burns
57%
Unphotogenic singer from "Britain's Got Talent" Susan Boyle
57%
The 10th Doctor David Tennant
50%
"The Wealth of Nations" Adam Smith
48%
Greatly improved the steam engine James Watt
42%
Pittsburgh steel baron and philanthropist Andrew Carnegie
38%
Well-known philosopher of the Scottish Enlightenment David Hume
19%
No matching quizzes found
Score Distribution
Percent of People with Each Score
Percentile by Number Answered
Your Score History
You have not taken this quiz since the last reset